000 00874nam a22002897a 4500
001 8425
003 FISKH
005 20250911113650.0
008 250911b cb ||||| |||| 00| 0 eng d
040 _aFISKH
_beng
_cFISKH
_dFISKH
050 _aPZ10.H646
082 _a813.54
100 _aHoban, Russell
245 _aA bargain for Frances /
_cby Russell Hoban : Pictures by Lillian Hoban
260 _aNew York :
_bHarperCollinsPublishers ,
_c1970.
300 _a62 pages :
_bcolor illustrations ;
_c22 cm .
490 _aAn I Can Read Book
505 _aJ
520 _aFrances foils Thelma's plot to trick her out of a new china set.
521 8 _a470
_bLexile
521 8 _aJ
_bRaz-Plus
650 _aBadgers
_vFiction
650 _aFriendship
_vFiction
700 _aHoban, Lillian
_eIllustrator
942 _2ddc
_cBK
_n0
999 _c8425
_d8425